[Event "Moscow op-E"]
[Site "Moscow"]
[Date "2011.02.06"]
[Round "9.197"]
[White "Cyriatova, Anastasiy"]
[Black "Rukavishnikov, Vladimir"]
[Result "0-1"]
[WhiteElo "1982"]
[BlackElo "1991"]
[PlyCount "100"]
[EventDate "2011.01.29"]
[EventType "swiss"]
[EventRounds "9"]
[EventCountry "RUS"]
[SourceTitle "EXT 2022"]
[Source "ChessBase"]
[SourceDate "2021.10.06"]
[SourceVersion "1"]
[SourceVersionDate "2021.10.06"]
[SourceQuality "1"]

1. e4 e6 2. d4 d5 3. e5 c5 4. Nf3 Nc6 5. Bd3 cxd4 6. 0-0 Nge7 7. a3 Ng6 8. Re1 Qc7 9. Qe2 Be7 10. g3 0-0 11. h4 f6 12. Bxg6 hxg6 13. Bf4 fxe5 14. Nxe5 Nxe5 15. Bxe5 Bd6 16. Bxd6 Qxd6 17. Nd2 Bd7 18. Nb3 Rad8 19. Nxd4 e5 20. Nb3 Rf5 21. Qe3 d4 22. Qd3 Rdf8 23. Re2 Bc6 24. Nd2 Qd5 25. Qb3 g5 26. Qxd5+ Bxd5 27. hxg5 Rxg5 28. Ne4 Rgf5 29. Nd2 Kf7 30. Ne4 Kg6 31. g4 Rf4 32. Ng3 Bc4 33. Rd2 Rxg4 34. Re1 Kf6 35. Re4 Rxe4 36. Nxe4+ Ke6 37. Nc5+ Kd5 38. Nd3 a5 39. b3 Bxd3 40. Rxd3 Rc8 41. Rd2 Rc3 42. a4 Ke4 43. Kg2 Kf4 44. Re2 g5 45. Rd2 g4 46. Re2 e4 47. Rd2 d3 48. cxd3 exd3 49. b4 axb4 50. Rb2 b3 0-1

[Event "Moscow op-E"]
[Site "Moscow"]
[Date "2011.01.29"]
[Round "1.85"]
[White "Cyriatova, Anastasiy"]
[Black "Zakharov, Alexander V"]
[Result "0-1"]
[WhiteElo "1982"]
[BlackElo "2395"]
[PlyCount "64"]
[EventDate "2011.01.29"]
[EventType "swiss"]
[EventRounds "9"]
[EventCountry "RUS"]
[SourceTitle "EXT 2022"]
[Source "ChessBase"]
[SourceDate "2021.10.06"]
[SourceVersion "1"]
[SourceVersionDate "2021.10.06"]
[SourceQuality "1"]

1. e4 c5 2. d4 cxd4 3. c3 d3 4. Bxd3 Nc6 5. Nf3 d6 6. 0-0 g6 7. Nbd2 Bg7 8. Nb3 Nf6 9. Be3 0-0 10. Qd2 Bg4 11. Nfd4 Ne5 12. h3 Bd7 13. Rad1 Qc8 14. f4 Nc4 15. Qc1 Nxe3 16. Qxe3 e5 17. fxe5 dxe5 18. Nf3 Qc7 19. Qc5 Bc6 20. Nxe5 Nxe4 21. Bxe4 Bxe5 22. Bxc6 bxc6 23. Nd4 Rac8 24. Nf3 Bf6 25. Rfe1 Rfd8 26. Nd4 Rd5 27. Qc4 Rcd8 28. Qa4 Qb6 29. Kh1 c5 30. Nf3 Rxd1 31. Rxd1 Rxd1+ 32. Qxd1 Qxb2 0-1

[Event "Bykova Memorial op (Women)"]
[Site "Suzdal"]
[Date "2010.12.22"]
[Round "8"]
[White "Cyriatova, Anastasiy"]
[Black "Sharkova, Vera"]
[Result "1-0"]
[WhiteElo "2038"]
[BlackElo "1974"]
[PlyCount "99"]
[EventDate "2010.12.15"]
[EventType "swiss"]
[EventRounds "9"]
[EventCountry "RUS"]
[SourceTitle "CBM 140 Extra"]
[Source "ChessBase"]
[SourceDate "2011.03.01"]
[SourceVersion "1"]
[SourceVersionDate "2011.03.01"]
[SourceQuality "1"]

1. e4 d5 2. exd5 Nf6 3. c4 c6 4. d4 cxd5 5. Nc3 Nc6 6. c5 g6 7. Nf3 Bg7 8. Bf4 Bg4 9. Be2 0-0 10. h3 Bxf3 11. Bxf3 b6 12. Qa4 Rc8 13. Be2 Qd7 14. 0-0 bxc5 15. dxc5 Qf5 16. Ba6 Rce8 17. Bb5 Rc8 18. Bxc6 d4 19. Ne2 Qxc5 20. Rac1 Qb6 21. Qb5 Qxb5 22. Bxb5 Nd5 23. Rxc8 Rxc8 24. Rc1 Rxc1+ 25. Bxc1 Nb4 26. a3 Nd5 27. Bd3 e5 28. f4 Kf8 29. Be4 Nb6 30. fxe5 Bxe5 31. Bd3 Ke7 32. Bf4 f6 33. Bxe5 fxe5 34. Kf2 Ke6 35. Kf3 Na4 36. Bc4+ Kd6 37. b3 Nb2 38. Nc1 Nd1 39. Bd3 Nc3 40. Ne2 Nd1 41. Ng3 Ne3 42. Ne4+ Ke6 43. Ng5+ Kd5 44. Nxh7 Nf5 45. Nf6+ Ke6 46. Ne4 Ne3 47. Nf2 Nf5 48. Ng4 g5 49. Bxf5+ Kxf5 50. Nf2 1-0

[Event "Bykova Memorial op (Women)"]
[Site "Suzdal"]
[Date "2010.12.21"]
[Round "7"]
[White "Mironova, Natalia"]
[Black "Cyriatova, Anastasiy"]
[Result "1-0"]
[WhiteElo "1834"]
[BlackElo "2038"]
[PlyCount "65"]
[EventDate "2010.12.15"]
[EventType "swiss"]
[EventRounds "9"]
[EventCountry "RUS"]
[SourceTitle "CBM 140 Extra"]
[Source "ChessBase"]
[SourceDate "2011.03.01"]
[SourceVersion "1"]
[SourceVersionDate "2011.03.01"]
[SourceQuality "1"]

1. e4 e5 2. Nf3 Nc6 3. Bc4 Nf6 4. Ng5 d5 5. exd5 Na5 6. Bb5+ c6 7. dxc6 bxc6 8. Qf3 Qc7 9. h3 cxb5 10. Qxa8 Nc6 11. Nc3 a6 12. a4 b4 13. Nb5 Qd7 14. Nf3 Nd5 15. Na7 Nxa7 16. Nxe5 Qe6 17. 0-0 Qxe5 18. d4 Qxd4 19. c3 bxc3 20. bxc3 Qc5 21. Ba3 Qc6 22. Rfe1+ Ne7 23. Qxa7 Be6 24. Qb8+ Qc8 25. Rab1 h5 26. Bxe7 Qxb8 27. Rxb8+ Kxe7 28. Rd1 f6 29. Rb7+ Ke8 30. Re1 Kd8 31. Rxe6 Kc8 32. Ra7 Bc5 33. Rxg7 1-0

[Event "Vladimir op-B"]
[Site "Vladimir"]
[Date "2009.08.28"]
[Round "9"]
[White "Cyriatova, Anastasiy"]
[Black "Pelevin, Stanislav"]
[Result "0-1"]
[WhiteElo "2096"]
[BlackElo "2209"]
[PlyCount "50"]
[EventDate "2009.08.19"]
[EventType "swiss"]
[EventRounds "9"]
[EventCountry "RUS"]
[SourceTitle "EXT 2012"]
[Source "ChessBase"]
[SourceDate "2011.11.24"]
[SourceVersion "1"]
[SourceVersionDate "2011.11.24"]
[SourceQuality "1"]

1. e4 d6 2. d4 Nf6 3. Nc3 g6 4. Nf3 Bg7 5. Be3 0-0 6. Qd2 Re8 7. 0-0-0 c6 8. h3 b5 9. Bd3 Nbd7 10. g4 a5 11. e5 b4 12. exf6 bxc3 13. Qxc3 Nxf6 14. Qxc6 Rb8 15. Qa4 Bd7 16. Qa3 Bc6 17. Be2 Qc7 18. Rhe1 Rb4 19. Kb1 Reb8 20. Bc1 Ra4 21. Qc3 Nd5 22. Qd2 Bb5 23. Ka1 Nb4 24. c3 Nxa2 25. b3 Nxc1+ 0-1